| 000 | 00529nam a22001817a 4500 | ||
|---|---|---|---|
| 005 | 20230520024107.0 | ||
| 008 | 221110b |||||||| |||| 00| 0 eng d | ||
| 020 | _a978-981-4839-44-0 | ||
| 082 | _a658.45 N551 2019 | ||
| 100 |
_aNewman, Amy _eauthor |
||
| 245 |
_aBusiness communication: _bin person, in print, online / _cAmy Newman |
||
| 250 | _a10th ed. | ||
| 260 |
_aSingapore: _bCengage Learning Asia, _cc2019. |
||
| 300 |
_axix, 505p.; _bill. |
||
| 504 | _aIncludes index | ||
| 541 | _e6554 | ||
| 650 | _aBusiness communication | ||
| 999 |
_c173 _d173 |
||